Δήμοι της Ελλάδας που Αρχίζουν από Γ - Statistics

General Stats
  • This quiz has been taken 5 times
  • The average score is 4 of 7
Answer Stats
Δήμος % Correct
Γαύδου
80%
Γρεβενών
80%
Γαλατσίου
60%
Γορτυνίας
60%
Γλυφάδας
40%
Γόρτυνας
40%
Γεωργίου Καραϊσκάκη
20%
No matching quizzes found
Score Distribution
Percent of People with Each Score
Percentile by Number Answered
Your Score History
You have not taken this quiz